[Event "Oberliga Ost-B 2122"]
[Site "Germany"]
[Date "2022.07.02"]
[Round "6.7"]
[White "Wrede, Michael"]
[Black "Scheitz, Michael"]
[Result "1/2-1/2"]
[WhiteElo "2140"]
[BlackElo "2027"]
[PlyCount "58"]
[EventDate "2021.10.10"]
[EventType "team-tourn"]
[EventRounds "11"]
[EventCountry "GER"]
[SourceTitle "EXT 2023"]
[Source "ChessBase"]
[SourceDate "2022.10.05"]
[SourceVersion "1"]
[SourceVersionDate "2022.10.05"]
[SourceQuality "1"]
[WhiteTeam "Moerlenbach Birkenau"]
[BlackTeam "Wiesbaden"]
[WhiteTeamCountry "GER"]
[BlackTeamCountry "GER"]

1. d4 d5 2. Bf4 Nf6 3. e3 e6 4. Nd2 Bd6 5. Bg3 0-0 6. Bd3 b6 7. f4 c5 8. c3 Ba6 9. Bc2 Qc7 10. Nh3 Rc8 11. Bh4 cxd4 12. exd4 Nc6 13. Bxf6 gxf6 14. Qg4+ Kf8 15. Bb3 Na5 16. Kf2 Nxb3 17. axb3 Bb5 18. Rhe1 a5 19. Qh4 Ke7 20. Re3 a4 21. bxa4 Bxa4 22. f5 e5 23. Nf4 Bc6 24. Rxa8 Rxa8 25. Nh5 Kd7 26. Qxf6 Ra2 27. Qxf7+ Kc8 28. Qe6+ Qd7 29. Qf6 e4 1/2-1/2

[Event "Oberliga Ost-B 2122"]
[Site "Germany"]
[Date "2022.04.03"]
[Round "11.8"]
[White "Reichel, Norbert"]
[Black "Scheitz, Michael"]
[Result "1/2-1/2"]
[WhiteElo "2071"]
[BlackElo "2027"]
[PlyCount "28"]
[EventDate "2021.10.10"]
[EventType "team-tourn"]
[EventRounds "11"]
[EventCountry "GER"]
[SourceTitle "EXT 2023"]
[Source "ChessBase"]
[SourceDate "2022.10.05"]
[SourceVersion "1"]
[SourceVersionDate "2022.10.05"]
[SourceQuality "1"]
[WhiteTeam "Erfurt Medizin"]
[BlackTeam "Wiesbaden"]
[WhiteTeamCountry "GER"]
[BlackTeamCountry "GER"]

1. c4 e6 2. g3 d5 3. Bg2 Nf6 4. Nf3 Be7 5. 0-0 0-0 6. b3 d4 7. Bb2 c5 8. b4 Nc6 9. b5 Na5 10. d3 Bd6 11. Nbd2 Re8 12. Qc2 e5 13. e3 Qc7 14. Rfe1 Bf5 1/2-1/2

[Event "Erfurt op-A 29th"]
[Site "Erfurt"]
[Date "2019.12.29"]
[Round "7"]
[White "Hoehn, Michael"]
[Black "Scheitz, Michael"]
[Result "1-0"]
[WhiteElo "2018"]
[BlackElo "2084"]
[PlyCount "73"]
[EventDate "2019.12.26"]
[EventType "swiss"]
[EventRounds "8"]
[EventCountry "GER"]
[SourceTitle "CBM 194 Extra"]
[Source "ChessBase"]
[SourceDate "2020.03.31"]
[SourceVersion "1"]
[SourceVersionDate "2020.03.31"]
[SourceQuality "1"]

1. Nf3 d5 2. b3 Bf5 3. Bb2 e6 4. d3 h6 5. Nbd2 Nf6 6. g3 Be7 7. Bg2 c6 8. 0-0 0-0 9. Re1 Bh7 10. e4 Re8 11. e5 Nfd7 12. Nf1 Qc7 13. h4 c5 14. c4 d4 15. Qe2 Nc6 16. a3 a6 17. h5 Rab8 18. g4 b5 19. Bc1 bxc4 20. bxc4 Rb3 21. g5 hxg5 22. Bxg5 Bf8 23. Rad1 Rxa3 24. Bc1 Rb3 25. Ng5 Bf5 26. Bf4 Reb8 27. Ng3 Rb2 28. Rd2 Rxd2 29. Qxd2 Ne7 30. Nxf5 Nxf5 31. Be4 Nh6 32. Nf3 Rb4 33. Kh2 Qb8 34. Bxh6 gxh6 35. Rg1+ Kh8 36. Qf4 Bg7 37. Qxf7 1-0

[Event "Erfurt op-A 29th"]
[Site "Erfurt"]
[Date "2019.12.28"]
[Round "4"]
[White "Scheitz, Michael"]
[Black "Niedzielski, Lars"]
[Result "0-1"]
[WhiteElo "2084"]
[BlackElo "1939"]
[PlyCount "64"]
[EventDate "2019.12.26"]
[EventType "swiss"]
[EventRounds "8"]
[EventCountry "GER"]
[SourceTitle "CBM 194 Extra"]
[Source "ChessBase"]
[SourceDate "2020.03.31"]
[SourceVersion "1"]
[SourceVersionDate "2020.03.31"]
[SourceQuality "1"]

1. c4 Nf6 2. Nc3 g6 3. e4 d6 4. d4 Bg7 5. f3 0-0 6. Bg5 Na6 7. Qd2 c5 8. d5 Nc7 9. Nge2 e6 10. Ng3 exd5 11. cxd5 h5 12. Be2 Bd7 13. a4 a6 14. 0-0 b5 15. Qc2 bxa4 16. Nxa4 Nb5 17. Bxb5 axb5 18. Nc3 b4 19. Rxa8 Qxa8 20. Nd1 Bb5 21. Re1 Re8 22. Qd2 Nd7 23. f4 Nb6 24. f5 Bd4+ 25. Kh1 Nc4 26. Qe2 Qb7 27. Nxh5 gxh5 28. Qxh5 f6 29. Bh4 Qh7 30. Qg4+ Kf7 31. Bf2 Ne5 32. Qf4 Nd3 0-1

[Event "Hofheim Spring op 7th"]
[Site "Hofheim"]
[Date "2019.04.26"]
[Round "6"]
[White "Scheitz, Michael"]
[Black "Chandler, Patrick"]
[Result "1-0"]
[WhiteElo "2100"]
[BlackElo "2150"]
[PlyCount "23"]
[EventDate "2019.04.23"]
[EventType "swiss"]
[EventRounds "9"]
[EventCountry "GER"]
[SourceTitle "CBM 190 Extra"]
[Source "ChessBase"]
[SourceDate "2019.07.15"]
[SourceVersion "1"]
[SourceVersionDate "2019.07.15"]
[SourceQuality "1"]

1. c4 e5 2. Nc3 Nc6 3. e3 Nf6 4. Nf3 Be7 5. a3 0-0 6. Qc2 Re8 7. Bd3 Bf8 8. b4 d6 9. Bb2 Ne7 10. Ng5 h6 11. Bh7+ Kh8 12. Nxf7# 1-0

[Event "Erfurt op 28th"]
[Site "Erfurt"]
[Date "2018.12.29"]
[Round "7"]
[White "Scheitz, Michael"]
[Black "Pallas, Sebastian"]
[Result "1/2-1/2"]
[WhiteElo "2062"]
[BlackElo "2292"]
[PlyCount "22"]
[EventDate "2018.12.26"]
[EventType "swiss"]
[EventRounds "8"]
[EventCountry "GER"]
[SourceTitle "CBM 188 Extra"]
[Source "ChessBase"]
[SourceDate "2019.02.26"]
[SourceVersion "1"]
[SourceVersionDate "2019.02.26"]
[SourceQuality "1"]

1. c4 Nf6 2. Nc3 d5 3. cxd5 Nxd5 4. Nf3 Nxc3 5. bxc3 g6 6. d4 Bg7 7. Bg5 0-0 8. e3 c5 9. Be2 Nc6 10. 0-0 Bf5 11. Qb3 Qc7 1/2-1/2

[Event "Heusenstamm Sparkassen op-A 5th"]
[Site "Heusenstamm"]
[Date "2018.11.23"]
[Round "2"]
[White "Ohler, Julius"]
[Black "Scheitz, Michael"]
[Result "1/2-1/2"]
[WhiteElo "1826"]
[BlackElo "2090"]
[PlyCount "39"]
[EventDate "2018.11.22"]
[EventType "swiss"]
[EventRounds "7"]
[EventCountry "GER"]
[SourceTitle "CBM 188 Extra"]
[Source "ChessBase"]
[SourceDate "2019.02.26"]
[SourceVersion "1"]
[SourceVersionDate "2019.02.26"]
[SourceQuality "1"]

1. c4 c5 2. g3 g6 3. Bg2 Bg7 4. e4 Nc6 5. Nc3 e6 6. Nge2 Nge7 7. 0-0 0-0 8. d3 d6 9. f4 f5 10. a3 Rb8 11. Rb1 b6 12. b4 e5 13. b5 Nd4 14. Nxd4 exd4 15. Nd5 Bb7 16. Re1 Nxd5 17. exd5 Qc7 18. Bd2 Rbe8 19. Qc2 Bc8 20. a4 1/2-1/2

[Event "Heusenstamm Sparkassen op-A 5th"]
[Site "Heusenstamm"]
[Date "2018.11.22"]
[Round "1"]
[White "Scheitz, Michael"]
[Black "Cortes Arias, Mariela Natalia"]
[Result "1/2-1/2"]
[WhiteElo "2090"]
[BlackElo "1831"]
[PlyCount "73"]
[EventDate "2018.11.22"]
[EventType "swiss"]
[EventRounds "7"]
[EventCountry "GER"]
[SourceTitle "CBM 188 Extra"]
[Source "ChessBase"]
[SourceDate "2019.02.26"]
[SourceVersion "1"]
[SourceVersionDate "2019.02.26"]
[SourceQuality "1"]

1. c4 c5 2. Nf3 Nc6 3. d4 cxd4 4. Nxd4 g6 5. e4 Bg7 6. Be3 d6 7. Be2 Bd7 8. 0-0 Nf6 9. Nc3 0-0 10. f3 Qb6 11. c5 Qxc5 12. Nf5 Qa5 13. Nxg7 Kxg7 14. Qd2 Qh5 15. g4 Qh3 16. Rf2 Ne5 17. Bf4 Rfd8 18. Bg3 h5 19. g5 Nh7 20. f4 Nc6 21. Bf1 Qg4 22. Be2 Qh3 23. Rg2 e5 24. Nd5 Nd4 25. fxe5 Nxe2+ 26. Rxe2 Qg4 27. exd6 h4 28. Qd4+ f6 29. Nxf6 Nxf6 30. Qxf6+ Kh7 31. Qf7+ Kh8 32. Qxg6 hxg3 33. Qh6+ Kg8 34. Qg6+ Kh8 35. Qh6+ Kg8 36. Qg6+ Kh8 37. Qh6+ 1/2-1/2

[Event "Wiesbaden op 30th"]
[Site "Wiesbaden"]
[Date "2018.08.23"]
[Round "1"]
[White "Scheitz, Michael"]
[Black "Brauch, Manfred"]
[Result "1-0"]
[WhiteElo "2092"]
[BlackElo "1769"]
[PlyCount "79"]
[EventDate "2018.08.23"]
[EventType "swiss"]
[EventRounds "7"]
[EventCountry "GER"]
[SourceTitle "CBM 186 Extra"]
[Source "ChessBase"]
[SourceDate "2018.08.24"]
[SourceVersion "1"]
[SourceVersionDate "2018.08.24"]
[SourceQuality "1"]

1. c4 f5 2. g3 Nf6 3. Bg2 g6 4. Nc3 Bg7 5. e4 d6 6. Nge2 c6 7. 0-0 0-0 8. d3 Na6 9. h3 e5 10. exf5 gxf5 11. d4 e4 12. Nf4 Qe8 13. Be3 Nc7 14. d5 c5 15. Qe2 Bd7 16. a4 a6 17. a5 Rb8 18. Bd2 Kh8 19. Nd1 b5 20. axb6 Rxb6 21. Bc3 Rb3 22. Ne3 Qf7 23. Rfb1 Rfb8 24. Nf1 Be8 25. Nd2 R3b7 26. Kh2 Nd7 27. Bxg7+ Qxg7 28. b3 Ne5 29. Re1 Qh6 30. f3 Bd7 31. fxe4 Re8 32. Qh5 Qg7 33. exf5 Rg8 34. g4 Qf6 35. Ne4 Qf8 36. Rab1 Ne8 37. Qh4 Bc8 38. Nh5 Bxf5 39. Rf1 Nxg4+ 40. hxg4 1-0

[Event "Hamburg CC Easter op 4th"]
[Site "Hamburg"]
[Date "2018.04.01"]
[Round "6"]
[White "Kahlert, Thomas"]
[Black "Scheitz, Michael"]
[Result "1-0"]
[WhiteElo "2191"]
[BlackElo "2075"]
[PlyCount "101"]
[EventDate "2018.03.30"]
[EventType "swiss"]
[EventRounds "7"]
[EventCountry "GER"]
[SourceTitle "CBM 183 Extra"]
[Source "ChessBase"]
[SourceDate "2018.04.19"]
[SourceVersion "1"]
[SourceVersionDate "2018.04.19"]
[SourceQuality "1"]

1. c4 c5 2. Nf3 Nc6 3. Nc3 e5 4. g3 g6 5. Bg2 Bg7 6. 0-0 Nge7 7. a3 0-0 8. Rb1 d6 9. d3 a5 10. Bd2 Rb8 11. Ne1 Be6 12. Nc2 d5 13. cxd5 Nxd5 14. Ne3 Nce7 15. Ncxd5 Nxd5 16. Bxd5 Bxd5 17. Bxa5 b6 18. Nxd5 Qxd5 19. Bc3 b5 20. Qc2 h5 21. Bd2 h4 22. Be3 Rbc8 23. Rbc1 f5 24. f3 hxg3 25. hxg3 f4 26. Bxc5 e4 27. Kg2 exd3 28. exd3 fxg3 29. d4 Rf5 30. Qe4 Qb3 31. Rce1 Qxb2+ 32. Re2 Qb3 33. Rb1 Qc4 34. Qe6+ Qxe6 35. Rxe6 g5 36. Rbe1 Rd5 37. R1e4 Rc7 38. Kxg3 Kf7 39. Re7+ Rxe7 40. Rxe7+ Kg6 41. Re4 Kf5 42. Kf2 Rd8 43. Ke3 Rh8 44. Re7 Bf6 45. Rb7 Rh3 46. Kf2 Rh2+ 47. Kf1 Rd2 48. Rxb5 Kf4 49. Rb3 Bxd4 50. Bxd4 Rxd4 51. Rb4 1-0

[Event "Hamburg CC Easter op 4th"]
[Site "Hamburg"]
[Date "2018.04.01"]
[Round "5"]
[White "Scheitz, Michael"]
[Black "Schroeder, Christoph"]
[Result "1-0"]
[WhiteElo "2075"]
[BlackElo "2195"]
[PlyCount "129"]
[EventDate "2018.03.30"]
[EventType "swiss"]
[EventRounds "7"]
[EventCountry "GER"]
[SourceTitle "CBM 183 Extra"]
[Source "ChessBase"]
[SourceDate "2018.04.19"]
[SourceVersion "1"]
[SourceVersionDate "2018.04.19"]
[SourceQuality "1"]

1. c4 e6 2. Nc3 d5 3. e3 Nf6 4. Nf3 c5 5. cxd5 exd5 6. d4 Nc6 7. Be2 Be7 8. 0-0 0-0 9. b3 Bg4 10. Bb2 Rc8 11. Rc1 cxd4 12. Nxd4 Bxe2 13. Ncxe2 Qd7 14. Ng3 Rfd8 15. Ndf5 g6 16. Nxe7+ Qxe7 17. Ne2 a6 18. Nd4 Ne5 19. Rxc8 Rxc8 20. h3 Ned7 21. Qd2 Ne4 22. Qe1 Ne5 23. Qd1 Nd7 24. Ne2 Qc5 25. Nf4 Nef6 26. Qa1 Rc6 27. Rd1 Qd6 28. Rd2 Qb4 29. Qd1 Nb6 30. Nd3 Qe7 31. Nf4 Qe4 32. Nd3 Nbd7 33. a3 a5 34. Rc2 Qe6 35. Bd4 Ne4 36. f3 Ng3 37. Nf4 Qd6 38. Bb2 Nf5 39. Re2 d4 40. Bxd4 Nxe3 41. Rxe3 Qxf4 42. Re8+ Nf8 43. Be3 Qh4 44. Qd2 Re6 45. Rxe6 Nxe6 46. Qxa5 Qe7 47. Kf2 h5 48. a4 Kh7 49. Qc3 Qa3 50. a5 Qa2+ 51. Kg1 Qb1+ 52. Kh2 Qf5 53. Bc1 Qd5 54. Bb2 Qd6+ 55. g3 Qd8 56. h4 f5 57. Qe5 Qg8 58. b4 f4 59. gxf4 Qf8 60. b5 Nxf4 61. b6 Nd3 62. Qc7+ Kh6 63. Bg7+ Qxg7 64. Qxg7+ Kxg7 65. a6 1-0

[Event "GER CupT 1617 prel6"]
[Site "Mendig"]
[Date "2017.01.29"]
[Round "2.2"]
[White "Nekrasov, Mihail"]
[Black "Scheitz, Michael"]
[Result "1-0"]
[WhiteElo "2378"]
[BlackElo "2089"]
[PlyCount "125"]
[EventDate "2017.01.28"]
[EventType "team-k.o."]
[EventRounds "2"]
[EventCountry "GER"]
[SourceTitle "EXT 2019"]
[Source "ChessBase"]
[SourceDate "2018.10.10"]
[SourceVersion "1"]
[SourceVersionDate "2018.10.10"]
[SourceQuality "1"]
[WhiteTeam "Hockenheim"]
[BlackTeam "Weimar Vimaria"]
[WhiteTeamCountry "GER"]
[BlackTeamCountry "GER"]

1. e4 e5 2. Nf3 Nf6 3. Nxe5 d6 4. Nf3 Nxe4 5. Nc3 Nxc3 6. dxc3 Be7 7. Be3 Nd7 8. Qd2 0-0 9. 0-0-0 Ne5 10. Bf4 Nxf3 11. gxf3 Bf5 12. h4 Qd7 13. h5 Qa4 14. Rg1 Rfe8 15. Bh6 Bf6 16. a3 g6 17. hxg6 hxg6 18. Bd3 Re5 19. Be3 Bxd3 20. Qxd3 Qb5 21. c4 Qxb2+ 22. Kxb2 Rxe3+ 23. c3 Rxd3 24. Rxd3 a5 25. a4 Re8 26. Re3 Re5 27. Rxe5 Bxe5 28. Rg4 Kf8 29. f4 Bf6 30. f5 gxf5 31. Rf4 Ke7 32. Rxf5 Ke6 33. Rxa5 Bh4 34. f3 Bf2 35. Kc2 Kd7 36. Rb5 b6 37. Kd3 Bg3 38. Ke4 Be1 39. Kd3 Ke6 40. f4 f5 41. Rb2 Bg3 42. Ke3 Bh4 43. Rh2 Bf6 44. Rh7 Be7 45. Kd3 Bd8 46. Rh8 Be7 47. Rc8 Kd7 48. Ra8 Ke6 49. a5 bxa5 50. Rxa5 c5 51. Ra1 Bf6 52. Rh1 Kf7 53. Kc2 Bg7 54. Kb3 Kg6 55. Rd1 Bf8 56. Rd5 Kf6 57. Rd3 Ke6 58. Rh3 Bg7 59. Ka4 d5 60. Kb5 d4 61. cxd4 cxd4 62. c5 Kd5 63. c6 1-0

[Event "GER CupT 1617 prel6"]
[Site "Mendig"]
[Date "2017.01.28"]
[Round "1.1"]
[White "Spreemann, Ralf"]
[Black "Scheitz, Michael"]
[Result "1-0"]
[WhiteElo "2025"]
[BlackElo "2089"]
[PlyCount "99"]
[EventDate "2017.01.28"]
[EventType "team-k.o."]
[EventRounds "2"]
[EventCountry "GER"]
[SourceTitle "EXT 2019"]
[Source "ChessBase"]
[SourceDate "2018.10.10"]
[SourceVersion "1"]
[SourceVersionDate "2018.10.10"]
[SourceQuality "1"]
[WhiteTeam "Mendig Mayen"]
[BlackTeam "Weimar Vimaria"]
[WhiteTeamCountry "GER"]
[BlackTeamCountry "GER"]

1. e4 e5 2. Bc4 Nf6 3. d3 Nc6 4. Nf3 Bc5 5. c3 a6 6. 0-0 Ba7 7. Re1 d6 8. Bb3 0-0 9. h3 h6 10. Nbd2 Nh5 11. Nf1 Qf6 12. Be3 Bxe3 13. fxe3 g6 14. g4 Ng7 15. Ng3 h5 16. g5 Qe7 17. Kg2 Kh7 18. Qd2 Bd7 19. Rf1 Nd8 20. Rf2 Nde6 21. h4 f6 22. gxf6 Rxf6 23. Raf1 Raf8 24. d4 exd4 25. exd4 Nf4+ 26. Kh2 Nh3 27. e5 Nxf2 28. exf6 Ng4+ 29. Kg1 Rxf6 30. Ng5+ Kh8 31. Nf7+ Kh7 32. Rxf6 Qxf6 33. Ne4 Qe7 34. Neg5+ Kg8 35. Ne5+ Be6 36. Nxg4 Bxb3 37. Nh6+ Kh8 38. axb3 d5 39. Qf2 Ne8 40. Nhf7+ Kg7 41. Ne5 Nd6 42. Qf4 Nf5 43. Kf2 c5 44. Nef3 Kf6 45. dxc5 Qxc5+ 46. Nd4 b5 47. Ngf3 b4 48. Qe5+ Kf7 49. Ng5+ Kg8 50. Qe8+ 1-0

[Event "Oberliga Ost-B 1516"]
[Site "Germany"]
[Date "2016.04.10"]
[Round "11.6"]
[White "Barski, Radoslaw"]
[Black "Scheitz, Michael"]
[Result "1/2-1/2"]
[WhiteElo "2292"]
[BlackElo "2027"]
[PlyCount "46"]
[EventDate "2015.09.20"]
[EventType "team-tourn"]
[EventRounds "11"]
[EventCountry "GER"]
[SourceTitle "EXT 2017"]
[Source "ChessBase"]
[SourceDate "2016.10.25"]
[SourceVersion "1"]
[SourceVersionDate "2016.10.25"]
[SourceQuality "1"]
[WhiteTeam "Heusenstamm"]
[BlackTeam "Weimar"]
[WhiteTeamCountry "GER"]
[BlackTeamCountry "GER"]

1. Nf3 d5 2. g3 Nf6 3. Bg2 Bf5 4. 0-0 e6 5. c4 c6 6. cxd5 exd5 7. d3 Bc5 8. Qc2 Nbd7 9. Nc3 0-0 10. e4 Bg4 11. h3 Bh5 12. g4 Bg6 13. Bf4 h6 14. Rfe1 Re8 15. e5 Nh7 16. Qd2 a5 17. a3 Nhf8 18. d4 Be7 19. Be3 Ne6 20. Nh2 Nxe5 21. dxe5 d4 22. Nd5 dxe3 23. Nxe7+ Qxe7 1/2-1/2

[Event "Oberliga Ost-B 1516"]
[Site "Germany"]
[Date "2016.02.20"]
[Round "9.6"]
[White "Rosa, Mike"]
[Black "Scheitz, Michael"]
[Result "0-1"]
[WhiteElo "2080"]
[BlackElo "2027"]
[PlyCount "84"]
[EventDate "2015.09.20"]
[EventType "team-tourn"]
[EventRounds "11"]
[EventCountry "GER"]
[SourceTitle "EXT 2017"]
[Source "ChessBase"]
[SourceDate "2016.10.25"]
[SourceVersion "1"]
[SourceVersionDate "2016.10.25"]
[SourceQuality "1"]
[WhiteTeam "Nied"]
[BlackTeam "Weimar"]
[WhiteTeamCountry "GER"]
[BlackTeamCountry "GER"]

1. d4 d5 2. c4 e6 3. Nc3 Nf6 4. cxd5 exd5 5. Bf4 c6 6. e3 Bf5 7. Qb3 Qb6 8. Qxb6 axb6 9. a3 b5 10. Rc1 b4 11. axb4 Bxb4 12. f3 0-0 13. g4 Nxg4 14. Bh3 h5 15. Ke2 Bxc3 16. Rxc3 Ra1 17. e4 Bg6 18. Bg2 Nf6 19. e5 Nfd7 20. Nh3 Ra2 21. Rb3 b6 22. Rc1 Bf5 23. Nf2 c5 24. dxc5 bxc5 25. Nd1 d4 26. Ra3 Rxa3 27. bxa3 Nc6 28. Nb2 Re8 29. Nc4 Ncxe5 30. Nd6 Nd3+ 31. Nxe8 Nxf4+ 32. Kf1 c4 33. Nd6 Bd3+ 34. Kf2 c3 35. Bf1 Nc5 36. Ra1 Nb3 37. Re1 c2 38. Kg3 c1Q 39. Rxc1 Nxc1 40. Bxd3 Ncxd3 41. Nb5 Ne6 42. a4 Kf8 0-1

[Event "Oberliga Ost-B 1516"]
[Site "Germany"]
[Date "2016.01.16"]
[Round "6.6"]
[White "Schmuck, Helmut"]
[Black "Scheitz, Michael"]
[Result "1/2-1/2"]
[WhiteElo "2136"]
[BlackElo "2027"]
[PlyCount "44"]
[EventDate "2015.09.20"]
[EventType "team-tourn"]
[EventRounds "11"]
[EventCountry "GER"]
[SourceTitle "EXT 2017"]
[Source "ChessBase"]
[SourceDate "2016.10.25"]
[SourceVersion "1"]
[SourceVersionDate "2016.10.25"]
[SourceQuality "1"]
[WhiteTeam "Erfurt Empor"]
[BlackTeam "Weimar"]
[WhiteTeamCountry "GER"]
[BlackTeamCountry "GER"]

1. d4 d5 2. Nf3 Nf6 3. c4 e6 4. Nc3 Be7 5. Bg5 h6 6. Bh4 0-0 7. e3 b6 8. cxd5 Nxd5 9. Bxe7 Qxe7 10. e4 Nxc3 11. bxc3 c5 12. Bd3 cxd4 13. cxd4 Qb4+ 14. Qd2 Nc6 15. Qxb4 Nxb4 16. Bb1 Ba6 17. Kd2 Rfd8 18. a3 Nc6 19. Ke3 Na5 20. Ba2 Rac8 21. Rhc1 Kf8 22. Nd2 Ke7 1/2-1/2

[Event "Oberliga Ost-B 1516"]
[Site "Germany"]
[Date "2015.10.11"]
[Round "3.7"]
[White "Scheitz, Michael"]
[Black "Wohlfart, Paulus"]
[Result "1-0"]
[WhiteElo "2027"]
[BlackElo "2105"]
[PlyCount "95"]
[EventDate "2015.09.20"]
[EventType "team-tourn"]
[EventRounds "11"]
[EventCountry "GER"]
[SourceTitle "EXT 2017"]
[Source "ChessBase"]
[SourceDate "2016.10.25"]
[SourceVersion "1"]
[SourceVersionDate "2016.10.25"]
[SourceQuality "1"]
[WhiteTeam "Weimar"]
[BlackTeam "Moerlenbach"]
[WhiteTeamCountry "GER"]
[BlackTeamCountry "GER"]

1. d4 f5 2. g3 Nf6 3. Bg2 g6 4. Nd2 Bg7 5. c3 e6 6. Nh3 0-0 7. 0-0 d6 8. Qb3 c6 9. Nf4 Qe7 10. e4 fxe4 11. Nxe4 Nxe4 12. Bxe4 d5 13. Bg2 Nd7 14. Nd3 b6 15. Qa4 Bb7 16. Bf4 g5 17. Bd2 Qf6 18. f4 Qg6 19. Nb4 b5 20. Qc2 gxf4 21. Qxg6 hxg6 22. Bxf4 e5 23. Bh3 exf4 24. Bxd7 Rf6 25. Rxf4 Rd6 26. Bg4 Bc8 27. Bxc8 Rxc8 28. Re1 Rf8 29. Nd3 Rxf4 30. Nxf4 Kf7 31. h4 Bh6 32. Nd3 Bg7 33. Kg2 a5 34. a3 Rd8 35. g4 Rd6 36. g5 a4 37. Kg3 Bh8 38. Kg4 Bg7 39. Rf1+ Kg8 40. Nf4 Bf8 41. Re1 Kf7 42. h5 gxh5+ 43. Nxh5 Bg7 44. Rf1+ Kg6 45. Nf4+ Kh7 46. Re1 Rd8 47. Re7 Kg8 48. Rxg7+ 1-0

[Event "Oberliga Ost-B 1516"]
[Site "Germany"]
[Date "2015.10.10"]
[Round "2.7"]
[White "Kayser, Felix"]
[Black "Scheitz, Michael"]
[Result "1-0"]
[WhiteElo "2136"]
[BlackElo "2027"]
[PlyCount "97"]
[EventDate "2015.09.20"]
[EventType "team-tourn"]
[EventRounds "11"]
[EventCountry "GER"]
[SourceTitle "EXT 2017"]
[Source "ChessBase"]
[SourceDate "2016.10.25"]
[SourceVersion "1"]
[SourceVersionDate "2016.10.25"]
[SourceQuality "1"]
[WhiteTeam "Wiesbaden"]
[BlackTeam "Weimar"]
[WhiteTeamCountry "GER"]
[BlackTeamCountry "GER"]

1. e4 e5 2. Nf3 Nf6 3. Nxe5 d6 4. Nf3 Nxe4 5. Nc3 Nxc3 6. dxc3 Be7 7. Bf4 Nd7 8. Qd2 Nc5 9. Bc4 0-0 10. 0-0-0 c6 11. Bxd6 Bxd6 12. Qxd6 Qxd6 13. Rxd6 Ne4 14. Rd4 Nxf2 15. Rf1 Ng4 16. Ng5 Ne5 17. Bb3 c5 18. Rdf4 c4 19. Nxf7 cxb3 20. Nh6+ gxh6 21. Rxf8+ Kg7 22. axb3 a5 23. Re8 Ng6 24. Rd1 Kf7 25. Rdd8 Bd7 26. Rxa8 Bxe8 27. Rxa5 Nh4 28. g3 Ng6 29. Kd2 Ne7 30. c4 Ke6 31. Kc3 Nf5 32. Ra7 Bc6 33. b4 Ne3 34. b5 Bg2 35. c5 h5 36. c6 bxc6 37. Rxh7 cxb5 38. Rxh5 Nd5+ 39. Kd4 Bf3 40. Re5+ Kd6 41. c3 Nc7 42. Re1 Bd5 43. Ra1 Ne6+ 44. Ke3 Ke5 45. Ra5 Nc7 46. g4 Bb3 47. h4 Bd1 48. g5 Kf5 49. c4 1-0

[Event "Oberliga Ost-B 1011"]
[Site "Germany"]
[Date "2010.11.14"]
[Round "3.7"]
[White "Mayer, Frank1111"]
[Black "Scheitz, Michael"]
[Result "1-0"]
[WhiteElo "2162"]
[BlackElo "2029"]
[PlyCount "51"]
[EventDate "2010.10.24"]
[EventType "team-tourn"]
[EventRounds "11"]
[EventCountry "GER"]
[SourceTitle "EXT 2012"]
[Source "ChessBase"]
[SourceDate "2011.11.24"]
[SourceVersion "1"]
[SourceVersionDate "2011.11.24"]
[SourceQuality "1"]
[WhiteTeam "Wiesbaden"]
[BlackTeam "Weimar"]
[WhiteTeamCountry "GER"]
[BlackTeamCountry "GER"]

1. e4 Nf6 2. e5 Nd5 3. d4 d6 4. c4 Nb6 5. exd6 exd6 6. Nc3 Nc6 7. d5 Ne5 8. f4 Ng6 9. Bd3 Be7 10. Nge2 Bh4+ 11. g3 Bf6 12. Be3 0-0 13. Kf2 Re8 14. Qd2 Qe7 15. Rae1 Bf5 16. Nd4 Bxd3 17. Qxd3 Qd7 18. b3 Ne7 19. Ne4 Bxd4 20. Bxd4 Qf5 21. Re2 Nd7 22. Kg2 b6 23. Rhe1 Kf8 24. Qf3 Nc5 25. Nf2 Ng8 26. Bxg7+ 1-0

[Event "Apolda op 16th"]
[Site "Apolda"]
[Date "2007.08.25"]
[Round "5"]
[White "Scheitz, Michael"]
[Black "Rudolf, Sebastian"]
[Result "1/2-1/2"]
[WhiteElo "1982"]
[BlackElo "2094"]
[PlyCount "104"]
[EventDate "2007.08.23"]
[EventType "swiss"]
[EventRounds "7"]
[EventCountry "GER"]
[SourceTitle "CBM 120 Extra"]
[Source "ChessBase"]
[SourceDate "2007.11.01"]
[SourceVersion "1"]
[SourceVersionDate "2007.11.01"]
[SourceQuality "1"]

1. d4 Nf6 2. c4 c5 3. d5 b5 4. Nf3 Bb7 5. Nfd2 e6 6. e4 bxc4 7. dxe6 fxe6 8. e5 Nd5 9. Nxc4 Be7 10. Qh5+ g6 11. Qh6 Bf8 12. Qh3 Nc6 13. Bd3 Kf7 14. 0-0 Nb6 15. Nd6+ Bxd6 16. exd6 Qf6 17. Nc3 Nd4 18. Ne4 Bxe4 19. Bxe4 Rac8 20. Qg4 h6 21. b4 Nf5 22. Be3 cxb4 23. Bxf5 gxf5 24. Qxb4 Rc4 25. Qb5 Rc6 26. a4 f4 27. Rad1 Rg8 28. a5 Nc4 29. Rd4 Nxd6 30. Qh5+ Ke7 31. Rxf4 Qg7 32. g3 Nf5 33. Bxa7 Qe5 34. Ra4 Qb5 35. Rfa1 Rg5 36. Qd1 h5 37. Rb1 Qa6 38. Qd2 Rg8 39. Bb6 h4 40. Qf4 Qd3 41. Qe4 Qa6 42. Rab4 Kf7 43. Rd1 d5 44. Qf4 Qe2 45. Qd2 Qh5 46. Rf4 Qg5 47. Rc1 Rgc8 48. Rxc6 Rxc6 49. g4 Kg8 50. h3 Rc4 51. Rd4 Qxd2 52. Rxd2 Nd6 1/2-1/2

[Event "Thueringen-ch"]
[Site "Jena"]
[Date "2006.04.17"]
[Round "9"]
[White "Rauhut, Frank"]
[Black "Scheitz, Michael"]
[Result "1/2-1/2"]
[WhiteElo "1942"]
[BlackElo "1966"]
[PlyCount "32"]
[EventDate "2006.04.12"]
[EventType "swiss"]
[EventRounds "9"]
[EventCountry "GER"]
[SourceTitle "EXT 2007"]
[Source "ChessBase"]
[SourceDate "2006.11.23"]
[SourceVersion "1"]
[SourceVersionDate "2006.11.23"]
[SourceQuality "1"]

1. d4 d5 2. Nf3 Nf6 3. c4 dxc4 4. g3 Nc6 5. Nc3 e5 6. dxe5 Qxd1+ 7. Nxd1 Ne4 8. a3 Nc5 9. Ne3 Nb3 10. Rb1 Be6 11. Ng5 Nxe5 12. Nxe6 fxe6 13. Bh3 Kf7 14. f4 Bc5 15. fxe5 Nxc1 16. Rxc1 Bxe3 1/2-1/2